| 000 | 004470000a22001690004500 | ||
|---|---|---|---|
| 003 | MACL | ||
| 005 | 20151227161841.0 | ||
| 008 | 151227b xxu||||| |||| 00| 0 eng d | ||
| 040 |
_aMACL _cmacl |
||
| 041 | _aEnglish | ||
| 082 | _a027.4/VIS | ||
| 100 |
_aViswanathan, C G _923234 |
||
| 245 | _aPulbic library Operations and Services | ||
| 260 |
_bAsia Publishing House _c1961 _aBombay |
||
| 650 |
_aLib. Science _923559 |
||
| 942 |
_cBK _k027/Vis _2ddc |
||
| 999 |
_c36025 _d36025 |
||